Normal view
MARC view
- Ghassemi, Majid,
Entry Personal Name
001 - CONTROL NUMBER
- control field: 83597
003 - CONTROL NUMBER IDENTIFIER
- control field: NUST
005 - DATE AND TIME OF LATEST TRANSACTION
- control field: 20211101111251.0
008 - FIXED-LENGTH DATA ELEMENTS
- fixed length control field: 211101|| aca||aabn | a|a d
040 ## - CATALOGING SOURCE
- Original cataloging agency: NUST
- Transcribing agency: NUST
100 ## - HEADING--PERSONAL NAME
- Personal name: Ghassemi, Majid,
- Dates associated with a name: 1960-
670 ## - SOURCE DATA FOUND
- Source citation: Work cat.: (NUST)33000: Foster, Robert, 1962 April 25- 83595, Solar energy:, c2010.
